Il Sacerdote Giacomo Alberione e gli Istituti Paolini (Record n. 37708)

Dettagli MARC
000 -LEADER
fixed length control field 00560nam a22001697a 4500
003 - CONTROL NUMBER IDENTIFIER
control field IT-RoPau
005 - DATE AND TIME OF LATEST TRANSACTION
control field 20220918175937.0
008 - FIXED-LENGTH DATA ELEMENTS--GENERAL INFORMATION
fixed length control field 121221b xxu||||| |||| 00| 0 eng d
040 ## - CATALOGING SOURCE
Transcribing agency IT-RoPau
100 ## - MAIN ENTRY--PERSONAL NAME
Personal name Barbero Giuseppe
Titles and words associated with a name ssp
9 (RLIN) 102
245 ## - TITLE STATEMENT
Title Il Sacerdote Giacomo Alberione e gli Istituti Paolini
Remainder of title (Estratto da "Palestra del Clero" n.4 del 15 febbraio 1967)
250 ## - EDITION STATEMENT
Edition statement 1° ed.
260 ## - PUBLICATION, DISTRIBUTION, ETC. (IMPRINT)
Place of publication, distribution, etc. Rovigo
Name of publisher, distributor, etc. Istituto padano di Arti Grafiche
Date of publication, distribution, etc. 1967
300 ## - PHYSICAL DESCRIPTION
Extent 16 p.
Dimensions 24,5 cm
500 ## - GENERAL NOTE
General note Nel XIX centenario del martirio di S. Paolo.
942 ## - ADDED ENTRY ELEMENTS (KOHA)
Source of classification or shelving scheme Dewey Decimal Classification
Koha item type LIBRO
Dati di copia
Withdrawn status Lost status Source of classification or shelving scheme Damaged status Not for loan Home library Current library Date acquired Total Checkouts Full call number Date last seen Price effective from Koha item type
    Dewey Decimal Classification Buone Condizioni Not For Loan PAULUS-BIBLIOTECA PAULUS-BIBLIOTECA 21/12/2012   P B1 21/12/2012 21/12/2012 LIBRO
CREDITS: SOCIETA' SAN PAOLO Via A.Severo, 58 - ROMA (RM) & PERIODICI SAN PAOLO SRL Via Giotto, 36 MILANO & CISF Via Giotto, 36 MILANO & EDIZIONI SAN PAOLO SRL,  Piazza Soncino, 5 CINISELLO BALSAMO (MI) -- ITALY